Statistics for Geography- W

Click here to take the quiz!

General Stats

  • This quiz has been taken 79 times
  • The average score is 7 of 10

Answer Stats

HintAnswer% Correct
Capital of USAWashington D.C.
100%
Capital of New ZealandWellington
99%
Capital of PolandWarsaw
97%
Birth-country of Gareth BaleWales
85%
County in West Midlands, famous for a sauceWorcester
72%
Disputed Territory in Northwest AfricaWestern Sahara
67%
City in England, home of Buckingham PalaceWestminster
65%
Royal Residence in BerkshireWindsor Castle
44%
City of Volkswagen HeadquartersWolfsburg
35%
British Seaside town famous for ScampiWhitby
19%

Score Distribution

Percentile by Number Answered

Percent of People with Each Score

Your Score History

You have not taken this quiz